Mixed Word: Human Universals Quiz Stats

 Plays Quiz Updated Mar 3, 2012

Support Sporcle.
Go Orange.
Score 0/20 Timer 03:00
0 Plays Today
Mixed Word Human Universal % Correct
AIPNPain
99%
MEITTime
98.8%
FRIEFire
96%
ANDCEDance
94%
MAHSEShame
91.4%
ELFS CONRLTOSelf Control
90.3%
VNYEEnvy
89.4%
SUCMIMusic
83%
MEARSDDreams
82.9%
REASFFears
81%
Mixed Word Human Universal % Correct
SBOLYSMSymbols
79.3%
IRTES FO EPAGSASRites of Passage
77.1%
OOTL KMNGAITool Making
76.8%
PRCTIECAPractice
70.6%
OMMERYMemory
67.6%
EIONSMOTEmotions
54.3%
TBOOASTaboos
48.1%
CFLIOCTNConflict
41%
ERSGTUESGestures
31.1%
LERSAEDLeaders
26%

From the Vault

Code Cracker! X

by hockeystix3

More codes to decipher!
Remove Ads.
Support Sporcle.
Get the best of Sporcle when you Go Orange. This ad-free experience offers more features, more stats, and more fun while also helping to support Sporcle. Thank you for becoming a member.

Show Comments

Extras

Top Quizzes Today


Score Distribution

Your Account Isn't Verified!

In order to create a playlist on Sporcle, you need to verify the email address you used during registration. Go to your Sporcle Settings to finish the process.

Report this User

Report this user for behavior that violates our Community Guidelines.

Details: